000 00569nam a22002057a 4500
999 _c20817
_d20817
003 AR-CdUCM
008 190409b ||||| |||| 00| 0 spa d
040 _aMUNICIPALIDAD PROVINCIAL DEL CUSCO
_cBIBLIOTECA MUNICIPAL DEL CUSCO
082 _a891.731 /
_bC53
100 _aChejov, Anton
_930613
245 _aCampesinos /
260 _aChile :
_bErcilla,
_c1934.
300 _a78 páginas ;
_c17 cm.
440 _aColeccion Eureka
_943484
505 _aContenido : Novela.
650 _aLiteratura
_983
650 _aNovela
_95
942 _2ddc
_cLIBROS
945 _arcc